000 01542nam a2200301 a 4500
999 _c432347
_d432347
003 BLK
005 20250718164239.0
008 180408b bul|||||r ||||||| ||bul||
020 _a9786190300885
040 _aBLK
041 _aBUL
_cBUL
080 _aПсихологически теории основани на точните науки
_b159.9.015
080 _aРазпространяване на научните знания - популяризиране на науката, занимателна наука, учение за явленията научно необяснени, заблуждения и фалшификации, илюзии и др. п., секретност на научните знания
_b001.9
_z001.9
100 _aКерев, Стойчо
_eпърви автор
_91299
139 _aКерев, Стойчо
_bК 52
245 _aИзмамна реалност
_bВсеки има своята истина ......
_cСтойчо Керев
257 _aBGR
260 _bБард
_c2021
_9209457
_aСофия
_n978-954-655- ; 978-954-585- ; 978-954-584-
300 _a320 с.
_bсъс сн.
_c20 см
380 _a0
650 7 _aКонспиративни теории
_9159179
653 7 _aсоциологически теории
_9197066
653 0 _aбъдещето на човечеството
_9443341
852 _bП
_c001.9/К 52 С
852 _aЦб 311690
_bЦб
942 _cKNG
_n0
_s1
_081
944 _c2022-03-16
_aED
_k30530
_lМинев Младен